[Event "IECG CP.2008.P.00007 email"]
[Site "IECG email"]
[Date "2008.10.01"]
[Round "?"]
[White "Emerald, Michael"]
[Black "Betita, Joeffrey"]
[Result "0-1"]
[WhiteElo "847"]
[BlackElo "1410"]
[PlyCount "28"]
[EventDate "2008.10.01"]
[EventType "tourn (corr)"]
[EventRounds "6"]
[EventCountry "ARG"]
[SourceTitle "Corr 2024"]
[Source "ChessBase"]
[SourceDate "2023.10.19"]
[SourceVersion "1"]
[SourceVersionDate "2023.10.19"]
[SourceQuality "1"]

1. e4 e6 2. d4 Nf6 3. Nc3 g5 4. Nf3 d5 5. Bd3 dxe4 6. Nxe4 Nc6 7. c3 h6 8. 0-0 Bg7 9. Re1 Bd7 10. Qb3 Nd5 11. Qxb7 Rb8 12. Qa6 Rb6 13. Qc4 Bf8 14. a4 Be7 0-1

[Event "IECG CP-2005-P-00067"]
[Site "IECG email"]
[Date "2005.10.01"]
[Round "?"]
[White "Emerald, Michael"]
[Black "Krzysztof, Kasperczyk"]
[Result "0-1"]
[WhiteElo "865"]
[BlackElo "800"]
[PlyCount "24"]
[EventDate "2005.??.??"]
[EventType "tourn (corr)"]
[EventRounds "6"]
[SourceTitle "Corr 2024"]
[Source "ChessBase"]
[SourceDate "2023.10.19"]
[SourceVersion "1"]
[SourceVersionDate "2023.10.19"]
[SourceQuality "1"]

1. d4 Nf6 2. c4 e6 3. g3 d5 4. Bg2 dxc4 5. Nf3 c6 6. 0-0 Nbd7 7. Nc3 Be7 8. Bf4 Nd5 9. Qd2 Nxf4 10. Qxf4 0-0 11. Nd2 Bg5 12. Nxc4 Bxf4 0-1

[Event "IECG QN.2004.0.00323"]
[Site "IECG email"]
[Date "2004.04.29"]
[Round "?"]
[White "Venturas, Bob"]
[Black "Emerald, Michael"]
[Result "1-0"]
[WhiteElo "685"]
[BlackElo "942"]
[PlyCount "87"]
[EventDate "2004.04.29"]
[EventType "tourn (corr)"]
[EventRounds "6"]
[SourceTitle "Corr 2008"]
[Source "ChessBase"]
[SourceDate "2008.06.24"]
[SourceVersion "1"]
[SourceVersionDate "2008.06.24"]
[SourceQuality "1"]

1. e4 d6 2. d4 Nf6 3. Nc3 g6 4. Bg5 Bg7 5. Qd2 c6 6. Bh6 0-0 7. Nf3 Qb6 8. b3 Bg4 9. Bxg7 Kxg7 10. Be2 e5 11. h3 Bxf3 12. Bxf3 exd4 13. Ne2 Re8 14. 0-0 Nxe4 15. Qxd4+ Qxd4 16. Nxd4 Nd7 17. Rfe1 d5 18. c4 Ndf6 19. Rac1 dxc4 20. Rxc4 Nd2 21. Rxe8 Nxf3+ 22. gxf3 Rxe8 23. Rc2 Rd8 24. Rd2 c5 25. Nf5+ gxf5 26. Rxd8 b6 27. Kg2 Nh5 28. Rd7 Nf4+ 29. Kg3 Ne2+ 30. Kh4 Ng1 31. Kg3 Ne2+ 32. Kh4 Ng1 33. f4 Nf3+ 34. Kh5 h6 35. Rxa7 Nd4 36. Ra6 Ne6 37. Rxb6 Nxf4+ 38. Kh4 f6 39. a4 Kg6 40. a5 Nd5 41. Rb5 Nb4 42. f3 Na6 43. Rb6 Nc7 44. a6 1-0

[Event "IECG QN.2003.0.00271 email "]
[Site "IECG email"]
[Date "2003.04.21"]
[Round "?"]
[White "Emerald, Michael"]
[Black "Brookes, David"]
[Result "1-0"]
[WhiteElo "964"]
[BlackElo "800"]
[PlyCount "45"]
[EventDate "2003.04.21"]
[EventType "tourn (corr)"]
[EventRounds "6"]
[SourceTitle "Corr 2008"]
[Source "ChessBase"]
[SourceDate "2008.06.24"]
[SourceVersion "1"]
[SourceVersionDate "2008.06.24"]
[SourceQuality "1"]

1. d4 d5 2. c4 e6 3. Nc3 Bb4 4. cxd5 Qxd5 5. e3 Nd7 6. Nf3 Ngf6 7. Be2 0-0 8. 0-0 Qf5 9. Bd2 Rd8 10. Rc1 Bd6 11. Qc2 Qg4 12. Ne5 Qh4 13. g3 Qh3 14. Bf3 Nxe5 15. dxe5 Bxe5 16. Ne4 Nxe4 17. Bxe4 c5 18. Qxc5 Bxg3 19. hxg3 Qg4 20. Rc4 Qh3 21. Rd4 Rxd4 22. Qxd4 f5 23. Qd8+ 1-0

[Event "IECG QN.2003.0.00271 email "]
[Site "IECG email"]
[Date "2003.04.21"]
[Round "?"]
[White "Emerald, Michael"]
[Black "Lim, Chai Chin"]
[Result "1-0"]
[WhiteElo "964"]
[BlackElo "515"]
[PlyCount "61"]
[EventDate "2003.04.21"]
[EventType "tourn (corr)"]
[EventRounds "6"]
[SourceTitle "Corr 2008"]
[Source "ChessBase"]
[SourceDate "2008.06.24"]
[SourceVersion "1"]
[SourceVersionDate "2008.06.24"]
[SourceQuality "1"]

1. e4 e5 2. Nf3 d6 3. d4 Nc6 4. Bb5 Bd7 5. d5 Nd4 6. Bxd7+ Qxd7 7. 0-0 0-0-0 8. Nc3 g6 9. Nxd4 exd4 10. Qxd4 f6 11. Be3 b6 12. a4 a5 13. Nb5 Bg7 14. Na7+ Kb8 15. Nc6+ Kc8 16. Nxd8 Kxd8 17. Qc4 Ne7 18. b4 Nc8 19. bxa5 f5 20. Bd4 Re8 21. Bxg7 Qxg7 22. f3 fxe4 23. fxe4 h5 24. a6 Na7 25. a5 b5 26. Qb4 g5 27. Rae1 Qg6 28. Qd4 Nc8 29. Qf6+ Qxf6 30. Rxf6 Na7 31. Ref1 1-0

[Event "IECG QF.2003.0.00036"]
[Site "IECG email"]
[Date "2003.03.18"]
[Round "?"]
[White "Emerald, Michael"]
[Black "Bell, Arvin"]
[Result "1-0"]
[WhiteElo "1000"]
[BlackElo "1000"]
[PlyCount "53"]
[EventDate "2003.03.18"]
[EventType "tourn (corr)"]
[EventRounds "6"]
[SourceTitle "Corr 2008"]
[Source "ChessBase"]
[SourceDate "2008.06.24"]
[SourceVersion "1"]
[SourceVersionDate "2008.06.24"]
[SourceQuality "1"]

1. e4 e6 2. d4 d5 3. Nc3 dxe4 4. Nxe4 Nd7 5. Nf3 Ngf6 6. Nxf6+ Nxf6 7. Bg5 h6 8. Bxf6 Qxf6 9. Bb5+ c6 10. Bd3 Bd6 11. c3 b6 12. 0-0 Bb7 13. Re1 0-0 14. Qc2 Rfd8 15. b4 a5 16. a3 c5 17. Be4 Bxe4 18. Qxe4 axb4 19. axb4 Rxa1 20. Rxa1 cxb4 21. cxb4 Bxb4 22. Ra8 Rxa8 23. Qxa8+ Kh7 24. h3 Qf5 25. Qb8 b5 26. Ne5 Be1 27. f3 1-0

[Event "IECG CP.2002.P.00004 email"]
[Site "IECG email"]
[Date "2002.10.01"]
[Round "?"]
[White "Emerald, Michael"]
[Black "McAndrew, Harry"]
[Result "0-1"]
[WhiteElo "926"]
[BlackElo "1638"]
[PlyCount "54"]
[EventDate "2002.10.01"]
[EventType "tourn (corr)"]
[EventRounds "6"]
[EventCountry "HUN"]
[SourceTitle "Corr 2008"]
[Source "ChessBase"]
[SourceDate "2008.06.24"]
[SourceVersion "1"]
[SourceVersionDate "2008.06.24"]
[SourceQuality "1"]

1. d4 Nf6 2. c4 e6 3. g3 d5 4. Bg2 Be7 5. Nf3 0-0 6. 0-0 Nbd7 7. Qc2 c6 8. Nbd2 b6 9. e4 a5 10. b3 Ba6 11. e5 Ne8 12. Re1 Nc7 13. Re2 Rc8 14. a3 c5 15. Bb2 b5 16. a4 bxc4 17. bxc4 Nb6 18. cxd5 Ncxd5 19. Ree1 c4 20. Ne4 Nb4 21. Qd2 N6d5 22. Nc5 Bxc5 23. dxc5 Rxc5 24. Ba3 c3 25. Qd4 Qc7 26. Qe4 Bd3 27. Qd4 Rc4 0-1

[Event "IECG QN.2002.0.00237"]
[Site "IECG email"]
[Date "2002.08.17"]
[Round "?"]
[White "Emerald, Michael"]
[Black "Venturas, Bob"]
[Result "0-1"]
[WhiteElo "887"]
[BlackElo "656"]
[PlyCount "52"]
[EventDate "2002.08.17"]
[EventType "tourn (corr)"]
[EventRounds "6"]
[SourceTitle "Corr 2008"]
[Source "ChessBase"]
[SourceDate "2008.06.24"]
[SourceVersion "1"]
[SourceVersionDate "2008.06.24"]
[SourceQuality "1"]

1. e4 e5 2. Nf3 Nf6 3. Nxe5 Qe7 4. d4 d6 5. Nf3 Nxe4 6. Be2 Nc6 7. c4 d5 8. cxd5 Nb4 9. Nc3 Bf5 10. a3 Nxc3 11. Qd2 Nc2+ 12. Kf1 Nxa1 13. Qxc3 Rd8 14. h3 Qe4 15. Bd1 Rxd5 16. g4 Qd3+ 17. Qxd3 Bxd3+ 18. Kg2 Bd6 19. Nd2 0-0 20. Re1 Rxd4 21. Nf3 Be4 22. b4 Re8 23. Kf1 Bd3+ 24. Kg1 Rde4 25. Be3 Nc2 26. Bxc2 Bxc2 0-1

[Event "IECG TE.2002.P.01007 email"]
[Site "IECG email"]
[Date "2002.03.28"]
[Round "?"]
[White "Campeanu, Alin Vivian"]
[Black "Emerald, Michael"]
[Result "0-1"]
[WhiteElo "1600"]
[BlackElo "1000"]
[PlyCount "30"]
[EventDate "2002.03.28"]
[EventType "tourn (corr)"]
[EventRounds "12"]
[SourceTitle "Corr 2008"]
[Source "ChessBase"]
[SourceDate "2008.06.24"]
[SourceVersion "1"]
[SourceVersionDate "2008.06.24"]
[SourceQuality "1"]

1. e4 e5 2. Nf3 Nc6 3. Bb5 Bc5 4. c3 f5 5. d4 fxe4 6. Bxc6 dxc6 7. Nxe5 Qd5 8. Bf4 e3 9. dxc5 Qxg2 10. Rf1 Bh3 11. Qh5+ g6 12. Qe2 exf2+ 13. Rxf2 Qh1+ 14. Kd2 0-0-0+ 15. Kc2 Bf5+ 0-1

[Event "IECG QF.2001.0.00009"]
[Site "IECG email"]
[Date "2001.11.22"]
[Round "?"]
[White "Oezdemir, Galip"]
[Black "Emerald, Michael"]
[Result "1-0"]
[WhiteElo "1067"]
[BlackElo "1000"]
[PlyCount "61"]
[EventDate "2001.11.22"]
[EventType "tourn (corr)"]
[EventRounds "6"]
[SourceTitle "Corr 2008"]
[Source "ChessBase"]
[SourceDate "2008.06.24"]
[SourceVersion "1"]
[SourceVersionDate "2008.06.24"]
[SourceQuality "1"]

1. e4 c5 2. Nf3 d6 3. d4 cxd4 4. Nxd4 Nf6 5. Nc3 g6 6. Be3 Bg7 7. f3 0-0 8. Qd2 Nc6 9. Bc4 e5 10. Ndb5 Ne8 11. Rd1 Be6 12. Bxe6 fxe6 13. Nxd6 Nd4 14. Nxe8 Rxe8 15. Ne2 Nxe2 16. Qxd8 Raxd8 17. Rxd8 Rxd8 18. Kxe2 a6 19. c4 Rc8 20. b3 Bf8 21. Rd1 b5 22. cxb5 axb5 23. a4 bxa4 24. bxa4 Bb4 25. Rb1 Ba5 26. Rb5 Ra8 27. Rb7 Ra6 28. Bh6 Rd6 29. Rb8+ Kf7 30. Rf8+ Ke7 31. Ra8 1-0

[Event "IECG QF.2001.0.00009"]
[Site "IECG email"]
[Date "2001.11.22"]
[Round "?"]
[White "Pomeroy, Raymond"]
[Black "Emerald, Michael"]
[Result "0-1"]
[WhiteElo "1000"]
[BlackElo "1000"]
[PlyCount "46"]
[EventDate "2001.11.22"]
[EventType "tourn (corr)"]
[EventRounds "6"]
[SourceTitle "Corr 2008"]
[Source "ChessBase"]
[SourceDate "2008.06.24"]
[SourceVersion "1"]
[SourceVersionDate "2008.06.24"]
[SourceQuality "1"]

1. e4 c5 2. Nf3 d6 3. d4 cxd4 4. Nxd4 Nf6 5. Nc3 g6 6. Bg5 Bg7 7. Qd2 Nc6 8. Bb5 Bd7 9. 0-0 0-0 10. Nf3 Bg4 11. Qf4 e5 12. Qxg4 Nxg4 13. Bxd8 a6 14. Bc4 b5 15. Bd5 Rc8 16. Ng5 Nh6 17. Bxc6 Rxc6 18. h3 f5 19. Nd5 Nf7 20. Nxf7 Rxf7 21. c3 f4 22. f3 Bf6 23. Nxf6+ Rxf6 0-1

[Event "IECG QF.2001.0.00007"]
[Site "IECG email"]
[Date "2001.09.06"]
[Round "?"]
[White "Emerald, Michael"]
[Black "Brobston, Andrew"]
[Result "0-1"]
[WhiteElo "1000"]
[BlackElo "1000"]
[PlyCount "48"]
[EventDate "2001.09.06"]
[EventType "tourn (corr)"]
[EventRounds "6"]
[SourceTitle "Corr 2008"]
[Source "ChessBase"]
[SourceDate "2008.06.24"]
[SourceVersion "1"]
[SourceVersionDate "2008.06.24"]
[SourceQuality "1"]

1. e4 c5 2. Nf3 d6 3. d4 cxd4 4. Nxd4 Nf6 5. Nc3 Nc6 6. Bb5 Bd7 7. 0-0 e6 8. Bg5 Be7 9. Re1 0-0 10. a4 e5 11. Nf3 Bg4 12. Ne2 Nxe4 13. Bd2 Bxf3 14. gxf3 Nxd2 15. Qxd2 Bg5 16. Qd5 Rc8 17. Rad1 Nb4 18. Qxd6 Nxc2 19. Qxd8 Rfxd8 20. Rxd8+ Rxd8 21. Rb1 Rd2 22. Nc3 Bf4 23. Ne4 Rd5 24. Rc1 Bxc1 0-1